One-dimensional dynamics
Guardat en:
| Autors principals: | , |
|---|---|
| Format: | Llibre |
| Idioma: | anglès |
| Publicat: |
Berlín
Springer-Verlag
1993
|
| Edició: | 1a. ed |
| Col·lecció: | Ergebnisse der Mathematik und ihrer Grenzgebiete 3, 25. A Series of Modern Surveys in Mathematics
|
| Matèries: | |
| Etiquetes: |
Afegir etiqueta
Sense etiquetes, Sigues el primer a etiquetar aquest registre!
|
MARC
| LEADER | 00000cam a2200000 a 4500 | ||
|---|---|---|---|
| 001 | UCF8977 | ||
| 003 | CL-VaPUC | ||
| 005 | 20230717124022.0 | ||
| 008 | 131018e19930000gw |||||||||||||||||eng|d | ||
| 999 | |c 353474 |d 353472 | ||
| 020 | |a 9783642780455 | ||
| 040 | |c Pontificia Universidad Católica de Valparaíso | ||
| 082 | 0 | 4 | |a 514.7 |b MEL |2 21 |
| 100 | |a Melo, Welington de |e autor |9 619354 | ||
| 245 | 1 | 0 | |a One-dimensional dynamics |
| 250 | |a 1a. ed | ||
| 260 | |a Berlín |b Springer-Verlag |c 1993 | ||
| 300 | |a 605 p | ||
| 490 | 0 | |a Ergebnisse der Mathematik und ihrer Grenzgebiete 3, 25. A Series of Modern Surveys in Mathematics | |
| 583 | |a last modification |c 20131018 14:00:00 |k Rodrigo Vera | ||
| 650 | 0 | |a Topología analítica |9 423987 | |
| 650 | 0 | |a Teoría ergódica |9 270156 | |
| 700 | 0 | |a Strien, Sebastian van |e author |9 571117 | |
| 942 | |c BK |2 ddc | ||
| 945 | |d 20131018 14:00:00 |a cmena | ||
| 952 | |0 0 |1 0 |3 erb |4 0 |6 514_700000000000000_MEL_1993 |7 0 |8 A |9 458714 |a BIBMAT |b BIBMAT |d 2019-11-23 |i 5016940 |l 9 |m 4 |o 514.7 MEL 1993 |p 5016940 |r 2025-01-07 |s 2022-11-17 |w 2019-11-23 |y BK |z Catalogado en:20131018 |k MAT | ||